000 00953nam a22002297a 4500
010 _aA-553345
035 _aA-553345
037 _aCen Lib / Ret
040 _aDPL
_bPN
082 _a641.5
_bਬਿਮਲ
100 _aਬਿਮਲ ਐਮ. ਸਿੰਘ
_9113765
245 _a100 ਪੰਜਾਬੀ ਪਕਵਾਨ /
_cਬਿਮਲ ਐਮ. ਸਿੰਘ
246 _aOne Hundred Punjabi pakwan / (100 Easy to make punjabi dishes) /
_bby Bimal M. Singh
260 _aਨਵੀ ਦਿੱਲੀ
_bਪੰਜਾਬੀ ਅਕਾਦਮੀ
_c1989
270 _aਪੰਜਾਬੀ ਅਕਾਦਮੀ
_bਨਵੀ ਦਿੱਲੀ
300 _a164p ;
_b24cm
650 _aਕੁੱਕਰੀ, ਪੰਜਾਬੀ.
_9133658
650 _aCookery, Punjabi.
_9133659
650 _aਕੁੱਕਰੀ, ਪੰਜਾਬੀ - ਭਾਰਤ
_9133660
650 _aCookery, Punjabi -- India
_9133661
942 _2ddc
_cPN
_h641.5
_mਬਿਮਲ
999 _c111152
_d111152